Missing Word: Tilda Swinton Quiz Stats

 Plays Quiz Updated Aug 17, 2017

Challenge
Share
Tweet
Embed
Score 0/20 Timer 03:00
0 Plays Today
Movie Word % Correct
The Curious Case of Benjamin ___Button
94.8%
The Chronicles of Narnia: The Lion, the ___ and the WardrobeWitch
93.6%
____, Caesar!Hail
93.5%
___ after ReadingBurn
90.8%
The Grand ___ HotelBudapest
90.3%
Vanilla ___Sky
86.6%
The Chronicles of Narnia: ___ CaspianPrince
81.6%
___ ClaytonMichael
70.2%
Moonrise ___Kingdom
63.5%
The Chronicles of Narnia: The Voyage of the ___ TreaderDawn
63.1%
Movie Word % Correct
___ StrangeDoctor
56.9%
We Need to Talk About ___Kevin
52.6%
Only Lovers ___ AliveLeft
31.1%
A ___ SplashBigger
13.5%
Broken ___Flowers
12.4%
Possible ___Worlds
9.8%
The ___ TheoremZero
9.7%
___ AdamYoung
8.3%
The ___ of ControlLimits
7.1%
The ___ EndDeep
7%

Today's Daily Dose

You're not logged in!

Compare scores with friends on all Sporcle quizzes.
Join for Free
OR
Log In

You Might Also Like...

Show Comments

Extras

Top Quizzes Today


Score Distribution

Your Account Isn't Verified!

In order to create a playlist on Sporcle, you need to verify the email address you used during registration. Go to your Sporcle Settings to finish the process.

Report this User

Report this user for behavior that violates our Community Guidelines.

Details: